000 01948cam a22005174a 4500
001 muse84855
003 MdBmJHUP
005 20210127151618.0
006 m o d
007 cr||||||||nn|n
008 110222s2010 mx o 00 0 spa d
010 _z 2011376068
020 _a9786076289990
020 _z9786074621396 (o.c.)
020 _z9786074621402 (v.1)
020 _z9786074621815 (v.2)
035 _a(OCoLC)1151447455
040 _aMdBmJHUP
_cMdBmJHUP
043 _an-mx---
050 0 4 _aPQ7197
_b.D67 2010
245 0 0 _aDoscientos años de narrativa mexicana
_bsiglo XIX /
_cRafael Olea Franco, editor.
250 _a1. ed.
264 1 _bColegio de Mexico,
264 3 _bProject MUSE,
300 _a1 online resource (2 v.)
490 0 _aSerie Literatura mexicana / Cátedra Jaime Torres Bodet ;
_v11-12
500 _a"Centro de Estudios Lingüísticos y Literarios"--Page opp. t.p.
504 _aIncludes bibliographical references.
505 0 _av. 1. Siglo XIX / Pamela Vicenteño Bravo, colaboradora -- v. 2. Siglo XX / Laura Angelica de la Torre, colaboradora.
506 0 _aOpen Access
_fUnrestricted online access
_2star
588 _aDescription based on print version record.
650 0 _aMexican fiction
_y20th century
_xHistory and criticism.
650 0 _aMexican fiction
_y19th century
_xHistory and criticism.
655 7 _aElectronic books.
_2local
700 1 _aTorre, Laura Angelica de la.
700 1 _aVicenteño Bravo, Pamela.
700 1 _aOlea Franco, Rafael.
710 2 _aProject Muse.
_edistributor
830 0 _aSerie Literatura mexicana ;
_v11-12.
830 0 _aBook collections on Project MUSE.
856 4 0 _zFull text available:
_uhttps://muse.jhu.edu/book/74594/
999 _c26403
_d26403